[Event "Asia-ch Universities (Women)"]
[Site "Chess.com INT"]
[Date "2020.12.17"]
[Round "9"]
[White "Hamedi Nia, Vesal"]
[Black "Methmani, Nelunika"]
[Result "1-0"]
[WhiteElo "1837"]
[BlackElo "1652"]
[PlyCount "97"]
[EventDate "2020.12.15"]
[EventType "swiss"]
[EventRounds "9"]
[EventCountry "IRI"]
[SourceTitle "EXT 2022"]
[Source "ChessBase"]
[SourceDate "2021.10.06"]
[SourceVersion "1"]
[SourceVersionDate "2021.10.06"]
[SourceQuality "1"]

1. d4 Nf6 2. c4 e6 3. Nf3 d5 4. Nc3 g6 5. Bg5 Bg7 6. e3 0-0 7. Be2 b6 8. cxd5 exd5 9. 0-0 h6 10. Bh4 g5 11. Bg3 Nh5 12. Be5 f6 13. Bg3 Nxg3 14. hxg3 Be6 15. Rc1 Nd7 16. Bb5 Rc8 17. Bc6 Nb8 18. Bb7 c6 19. Bxc8 Bxc8 20. Qa4 a6 21. Qb3 Be6 22. e4 Qd6 23. exd5 cxd5 24. Rfe1 f5 25. Na4 Nd7 26. Qd3 f4 27. gxf4 Rxf4 28. Qg6 Nf8 29. Qd3 Bg4 30. Ne5 Bf5 31. Qd2 Nd7 32. Rc6 Qf8 33. Nxb6 Nxe5 34. dxe5 Be4 35. Rc8 Rg4 36. Rxf8+ Kxf8 37. f3 Bxf3 38. Rf1 Bxe5 39. Rxf3+ Bf4 40. Qxd5 Rh4 41. Nd7+ Kg7 42. g3 Rg4 43. Qe6 Rxg3+ 44. Rxg3 Bxg3 45. Qf6+ Kg8 46. Qg6+ Kh8 47. Nf6 Bf2+ 48. Kxf2 g4 49. Qh7# 1-0

[Event "FISU World University"]
[Site "Tornelo INT"]
[Date "2020.10.26"]
[Round "1.16"]
[White "Fernandez Bustamante, Leancy B"]
[Black "Methmani, Nelunika"]
[Result "1-0"]
[WhiteElo "2080"]
[BlackElo "1601"]
[PlyCount "101"]
[EventDate "2020.10.26"]
[EventType "team-swiss (rapid)"]
[EventRounds "9"]
[EventCountry "NET"]
[SourceTitle "CBM 199 Extra"]
[Source "ChessBase"]
[SourceDate "2021.01.31"]
[SourceVersion "1"]
[SourceVersionDate "2021.01.31"]
[SourceQuality "1"]
[WhiteTeam "Cuba II"]
[BlackTeam "Sri Lanka"]
[WhiteTeamCountry "CUB"]
[BlackTeamCountry "SRI"]

1. e4 c5 2. Nf3 e6 3. d4 cxd4 4. Nxd4 a6 5. Nc3 Qc7 6. a3 Nf6 7. Be3 Be7 8. f4 d6 9. g4 e5 10. Nf5 Bxf5 11. exf5 Qc6 12. Rg1 Ne4 13. Bg2 Bh4+ 14. Kf1 Qc4+ 15. Qd3 Qxd3+ 16. cxd3 Nc5 17. Bxc5 dxc5 18. fxe5 Nc6 19. Bxc6+ bxc6 20. Ne4 Rb8 21. Rg2 c4 22. dxc4 Rb3 23. Rd1 Re3 24. Re2 Rf3+ 25. Kg2 Rb3 26. Rd6 Rb6 27. c5 Rb8 28. Rxc6 Ra8 29. Rc7 0-0 30. g5 h6 31. gxh6 gxh6 32. Kf3 Bd8 33. Rc6 Kh7 34. Rg2 Ra7 35. f6 Bc7 36. Rg7+ Kh8 37. e6 Bxh2 38. e7 Rb8 39. Rxf7 Kg8 40. Rg7+ Kh8 41. Nd6 Rxe7 42. Rxe7 Rb3+ 43. Ke4 Rb8 44. Nf7+ Kh7 45. Ne5+ Kg8 46. Rcc7 Bxe5 47. Kxe5 Ra8 48. Rg7+ Kf8 49. Rh7 Kg8 50. Rcg7+ Kf8 51. Rh8# 1-0

[Event "SRI-ch (Women)"]
[Site "Nugegoda"]
[Date "2019.07.07"]
[Round "10"]
[White "Methmani, Nelunika"]
[Black "Ranasinghe, Sachini D"]
[Result "0-1"]
[WhiteElo "1623"]
[BlackElo "1844"]
[PlyCount "112"]
[EventDate "2019.06.29"]
[EventType "tourn"]
[EventRounds "13"]
[EventCountry "SRI"]
[SourceTitle "EXT 2020"]
[Source "ChessBase"]
[SourceDate "2019.10.17"]
[SourceVersion "1"]
[SourceVersionDate "2019.10.17"]
[SourceQuality "1"]

1. d4 d5 2. c4 e6 3. Nf3 Nd7 4. e3 Ngf6 5. Nbd2 Be7 6. b3 c5 7. Bb2 cxd4 8. exd4 b6 9. Bd3 Bb7 10. Qc2 Rc8 11. Qb1 a5 12. 0-0 Nh5 13. Re1 Nf4 14. Bf1 0-0 15. g3 Ng6 16. Qd3 Nf6 17. Bg2 Ne4 18. cxd5 Nxd2 19. Nxd2 Bxd5 20. Ne4 Kh8 21. h4 Ba8 22. Rad1 Bb4 23. Re2 Qd5 24. f3 Bc6 25. Re3 h6 26. a3 Bd6 27. Nxd6 Qxd6 28. Kf2 Ne7 29. Bh3 a4 30. b4 Bd5 31. Rd2 Rc4 32. Rc2 Rfc8 33. Rxc4 Bxc4 34. Qe4 Nd5 35. Qe5 Qxe5 36. Rxe5 Bd3 37. Rxd5 Rc2+ 38. Ke3 exd5 39. Kxd3 Rxb2 40. Bd7 Rb3+ 41. Ke2 Rxa3 42. Bc6 Kg8 43. Bxd5 Kf8 44. b5 Ke7 45. Bc4 Rc3 46. Bd5 a3 47. Kd2 Rxf3 48. Kc2 Rxg3 49. Bc6 Kd6 50. Kb1 Rd3 51. d5 Rd2 52. Ka1 f5 53. Kb1 f4 54. Kc1 Rh2 55. Kd1 a2 56. h5 a1R# 0-1

[Event "SRI-ch (Women)"]
[Site "Nugegoda"]
[Date "2019.07.01"]
[Round "6"]
[White "Methmani, Nelunika"]
[Black "Sanudula, KM Dahamdi"]
[Result "1-0"]
[WhiteElo "1623"]
[BlackElo "1364"]
[PlyCount "91"]
[EventDate "2019.06.29"]
[EventType "tourn"]
[EventRounds "13"]
[EventCountry "SRI"]
[SourceTitle "EXT 2020"]
[Source "ChessBase"]
[SourceDate "2019.10.17"]
[SourceVersion "1"]
[SourceVersionDate "2019.10.17"]
[SourceQuality "1"]

1. d4 d5 2. c4 Nf6 3. cxd5 Nxd5 4. e4 Nf6 5. Nc3 e6 6. Be3 Be7 7. Bc4 0-0 8. Nge2 b6 9. 0-0 Bb7 10. f3 Nbd7 11. Nf4 e5 12. Nd3 exd4 13. Bxd4 h6 14. e5 Nh7 15. e6 fxe6 16. Bxe6+ Kh8 17. Ne2 Bd6 18. Qd2 Bc5 19. Nxc5 Nxc5 20. Bc4 Qd6 21. Qc3 Qg6 22. b4 Na6 23. Bd3 Qg5 24. h4 Qe7 25. Rae1 Qd7 26. Be5 Rad8 27. Rd1 Qe7 28. Rfe1 Nxb4 29. Nf4 Rxf4 30. Bxf4 Qf8 31. Bxh7 Rxd1 32. Rxd1 Qxf4 33. Rd4 Qf7 34. Rxb4 Kxh7 35. Qd3+ g6 36. Rd4 Bc6 37. h5 Kg7 38. Qc3 Qf6 39. Rc4 Qxc3 40. Rxc3 Bd5 41. Rxc7+ Kf6 42. Rxa7 gxh5 43. Ra6 Kg5 44. a3 b5 45. Ra5 Bc4 46. a4 1-0

[Event "SRI-ch (Women)"]
[Site "Nugegoda"]
[Date "2019.06.29"]
[Round "2"]
[White "Methmani, Nelunika"]
[Black "Pallie, Ehsha Mishela"]
[Result "1-0"]
[WhiteElo "1623"]
[BlackElo "1428"]
[PlyCount "71"]
[EventDate "2019.06.29"]
[EventType "tourn"]
[EventRounds "13"]
[EventCountry "SRI"]
[SourceTitle "EXT 2020"]
[Source "ChessBase"]
[SourceDate "2019.10.17"]
[SourceVersion "1"]
[SourceVersionDate "2019.10.17"]
[SourceQuality "1"]

1. d4 Nf6 2. c4 g6 3. Nc3 Bg7 4. e4 d6 5. f3 0-0 6. Bg5 Nbd7 7. Nh3 c5 8. d5 a6 9. Be2 Qa5 10. Qd2 Re8 11. 0-0 Qc7 12. Rad1 Nb6 13. Nf2 Bd7 14. b3 Nc8 15. f4 h6 16. Bh4 Nh7 17. Bd3 Na7 18. Rfe1 b5 19. Bg3 b4 20. Nb1 e6 21. e5 exd5 22. exd6 Qxd6 23. f5 Qf6 24. fxg6 fxg6 25. cxd5 h5 26. Qc2 Nf8 27. Qxc5 h4 28. Bd6 Nb5 29. Be7 Qf4 30. Re4 Qf7 31. Qxb4 Bf5 32. Ree1 Bxd3 33. Nxd3 Bd4+ 34. Kh1 Qxd5 35. a4 h3 36. Nf4 1-0

[Event "SRI-ch (Women)"]
[Site "Colombo"]
[Date "2018.05.07"]
[Round "6"]
[White "Methmani, Nelunika"]
[Black "Koggala, WSTD"]
[Result "1-0"]
[WhiteElo "1702"]
[BlackElo "1532"]
[PlyCount "53"]
[EventDate "2018.05.04"]
[EventType "tourn"]
[EventRounds "13"]
[EventCountry "SRI"]
[SourceTitle "CBM 184 Extra"]
[Source "ChessBase"]
[SourceDate "2018.06.28"]
[SourceVersion "1"]
[SourceVersionDate "2018.06.28"]
[SourceQuality "1"]

1. d4 e6 2. c4 f5 3. Nf3 Nf6 4. g3 Be7 5. Bg2 0-0 6. Nc3 Ne4 7. Qc2 Nxc3 8. bxc3 d6 9. 0-0 Bf6 10. e4 e5 11. exf5 Nc6 12. Rd1 Qe8 13. g4 Be7 14. Re1 exd4 15. cxd4 Bd7 16. Bd2 Bf6 17. Bc3 Kh8 18. d5 Ne7 19. Nd4 Kg8 20. Ne6 Rf7 21. Re3 g6 22. Bxf6 Rxf6 23. Qc3 Rf7 24. f6 c6 25. fxe7 Rxe7 26. Rae1 cxd5 27. Bxd5 1-0

[Event "SRI-ch (Women)"]
[Site "Colombo"]
[Date "2018.05.06"]
[Round "4"]
[White "Methmani, Nelunika"]
[Black "Hewawasam, HY Nevanjee Dimanya"]
[Result "0-1"]
[WhiteElo "1702"]
[BlackElo "1571"]
[PlyCount "108"]
[EventDate "2018.05.04"]
[EventType "tourn"]
[EventRounds "13"]
[EventCountry "SRI"]
[SourceTitle "CBM 184 Extra"]
[Source "ChessBase"]
[SourceDate "2018.06.28"]
[SourceVersion "1"]
[SourceVersionDate "2018.06.28"]
[SourceQuality "1"]

1. d4 Nf6 2. c4 c5 3. d5 e6 4. Nc3 exd5 5. cxd5 d6 6. Nf3 g6 7. g3 Bg7 8. Bg2 0-0 9. Nd2 a6 10. a4 Nbd7 11. 0-0 Re8 12. a5 b5 13. axb6 Nxb6 14. e4 Nfd7 15. f4 Rb8 16. Qc2 Nf6 17. h3 Nh5 18. Kh2 f5 19. Na4 fxe4 20. Nxb6 Rxb6 21. Nc4 Rb5 22. Bxe4 Qe7 23. Bd3 Bf5 24. Bxf5 gxf5 25. Rxa6 Bd4 26. Be3 Bxe3 27. Nxd6 Bd4 28. Nxe8 Rxb2 29. Qxb2 Bxb2 30. Re6 Qb7 31. Rd1 Qb3 32. Rg1 Qxd5 33. Rge1 Bd4 34. Nc7 Qb3 35. Re8+ Kg7 36. R8e7+ Kg6 37. R7e6+ Nf6 38. Ne8 Qf3 39. R1e2 Qf1 40. Rg2 Kf7 41. Nc7 Nd5 42. Rd6 Nxc7 43. Rd7+ Ke6 44. Rxc7 h5 45. Rh7 Qd1 46. Rh6+ Kd5 47. g4 Be3 48. Rxh5 Bxf4+ 49. Rg3 Qe2+ 50. Kg1 Bxg3 51. Rxf5+ Kc4 52. g5 Bh2+ 53. Kh1 Qe4+ 54. Kxh2 Qxf5 0-1

[Event "SRI-ch (Women)"]
[Site "Colombo"]
[Date "2018.05.06"]
[Round "5"]
[White "Ranasinghe, Sachini D"]
[Black "Methmani, Nelunika"]
[Result "1-0"]
[WhiteElo "1789"]
[BlackElo "1702"]
[PlyCount "93"]
[EventDate "2018.05.04"]
[EventType "tourn"]
[EventRounds "13"]
[EventCountry "SRI"]
[SourceTitle "CBM 184 Extra"]
[Source "ChessBase"]
[SourceDate "2018.06.28"]
[SourceVersion "1"]
[SourceVersionDate "2018.06.28"]
[SourceQuality "1"]

1. Nf3 d5 2. d4 Nf6 3. g3 c6 4. Bg2 Bg4 5. 0-0 e6 6. Nbd2 Bd6 7. c4 0-0 8. b3 Nbd7 9. Bb2 Qe7 10. Re1 e5 11. dxe5 Nxe5 12. h3 Bh5 13. cxd5 Nxd5 14. Nxe5 Bxe5 15. Bxe5 Qxe5 16. Nc4 Qe6 17. Qd4 Nb4 18. Ne3 a5 19. a3 Na6 20. Qb6 Rab8 21. Qxa5 Bg6 22. Qc3 Rfd8 23. Red1 Nc7 24. Qb2 Nb5 25. a4 Nd6 26. Rd4 Rd7 27. Rad1 Rbd8 28. Nc4 Nxc4 29. bxc4 h6 30. e3 Bf5 31. g4 Bg6 32. Rxd7 Rxd7 33. Rxd7 Qxd7 34. Qd4 Qxd4 35. exd4 Kf8 36. Bxc6 b6 37. c5 bxc5 38. dxc5 Ke7 39. a5 Bd3 40. Bb7 Kd7 41. a6 Kc7 42. f4 f5 43. Kf2 g5 44. Ke3 Bc2 45. gxf5 Bxf5 46. fxg5 hxg5 47. Be4 1-0

[Event "SRI-chB (Women)"]
[Site "Colombo"]
[Date "2018.03.01"]
[Round "1"]
[White "Indrajith, JAKNT"]
[Black "Methmani, Nelunika"]
[Result "0-1"]
[WhiteElo "1272"]
[BlackElo "1716"]
[PlyCount "82"]
[EventDate "2018.03.01"]
[EventType "swiss"]
[EventRounds "10"]
[EventCountry "SRI"]
[SourceTitle "EXT 2019"]
[Source "ChessBase"]
[SourceDate "2018.10.10"]
[SourceVersion "1"]
[SourceVersionDate "2018.10.10"]
[SourceQuality "1"]

1. d4 Nf6 2. e3 e6 3. Bd3 c5 4. c3 Be7 5. f4 b6 6. Nf3 0-0 7. Nbd2 Ba6 8. Ne4 Bxd3 9. Nxf6+ Bxf6 10. Qxd3 Qc7 11. 0-0 c4 12. Qe2 d6 13. f5 Nd7 14. e4 Rfe8 15. fxe6 Rxe6 16. Bg5 Rae8 17. Bxf6 Rxe4 18. Qc2 Nxf6 19. Ng5 Re2 20. Qb1 Qb7 21. Nf3 Ne4 22. Re1 Nd2 23. Qd1 Nxf3+ 24. gxf3 Rxe1+ 25. Qxe1 Rxe1+ 26. Rxe1 g6 27. Kf2 Kg7 28. Re4 Qa6 29. a3 Qb5 30. Re2 Qh5 31. Ke3 Kf6 32. Kd2 Qxf3 33. Ke1 Kg5 34. Rf2 Qe3+ 35. Kf1 f5 36. Kg2 Kg4 37. Kg1 f4 38. Kf1 f3 39. h3+ Kg3 40. Rc2 f2 41. a4 Qe1# 0-1

[Event "Wch U18 Girls"]
[Site "Khanty-Mansiysk"]
[Date "2016.09.30"]
[Round "8"]
[White "Wu, Min"]
[Black "Methmani, Nelunika"]
[Result "1-0"]
[WhiteElo "1996"]
[BlackElo "1612"]
[PlyCount "101"]
[EventDate "2016.09.22"]
[EventType "swiss"]
[EventRounds "11"]
[EventCountry "RUS"]
[SourceTitle "EXT 2017"]
[Source "ChessBase"]
[SourceDate "2016.10.25"]
[SourceVersion "1"]
[SourceVersionDate "2016.10.25"]
[SourceQuality "1"]

1. e4 c5 2. Nf3 e6 3. d3 Qc7 4. g3 Nc6 5. Bg2 g6 6. 0-0 Bg7 7. c3 e5 8. Be3 b6 9. a4 Nf6 10. Na3 0-0 11. Nd2 a6 12. Ndc4 Rb8 13. Bg5 b5 14. Bxf6 Bxf6 15. axb5 axb5 16. Ne3 Ne7 17. Qc2 d6 18. c4 b4 19. Nb5 Qb6 20. Nd5 Nxd5 21. exd5 Ba6 22. Ra4 Bxb5 23. cxb5 Qxb5 24. Rfa1 Bd8 25. h4 Kg7 26. h5 Bb6 27. Bf3 Rfc8 28. b3 Qd7 29. Qc4 Bd8 30. Kg2 Qb5 31. Qc2 Rb7 32. Qd2 h6 33. hxg6 fxg6 34. Bg4 Rcb8 35. Be6 Bg5 36. Qe2 h5 37. Qe4 Rf8 38. Ra6 Rb6 39. R6a5 Qe8 40. Ra7+ Kh6 41. Rd7 Rf6 42. Raa7 Qh8 43. Qc4 Bd2 44. Rdc7 Bc3 45. Qh4 Rf8 46. Qe4 Rf6 47. Qe3+ g5 48. Qe4 Rg6 49. Rh7+ Qxh7 50. Rxh7+ Kxh7 51. Bf7 1-0

[Event "Wch U18 Girls"]
[Site "Khanty-Mansiysk"]
[Date "2016.09.28"]
[Round "6"]
[White "Stanciu, Ioana Georgiana"]
[Black "Methmani, Nelunika"]
[Result "1-0"]
[WhiteElo "1931"]
[BlackElo "1612"]
[PlyCount "69"]
[EventDate "2016.09.22"]
[EventType "swiss"]
[EventRounds "11"]
[EventCountry "RUS"]
[SourceTitle "EXT 2017"]
[Source "ChessBase"]
[SourceDate "2016.10.25"]
[SourceVersion "1"]
[SourceVersionDate "2016.10.25"]
[SourceQuality "1"]

1. e4 c5 2. Nf3 Nc6 3. d4 cxd4 4. Nxd4 Qb6 5. Nb3 Nf6 6. Nc3 e6 7. Be3 Qc7 8. a3 Be7 9. f4 d6 10. Qe2 a6 11. g4 b5 12. Bg2 Bb7 13. g5 Nd7 14. h4 Nb6 15. Nd2 Na5 16. Rd1 Nbc4 17. Nxc4 Nxc4 18. Bc1 Nxa3 19. Rh3 Nc4 20. b3 Nb6 21. Ba3 Nd7 22. h5 Qb6 23. Bb2 h6 24. g6 fxg6 25. hxg6 0-0-0 26. Kd2 Rhf8 27. Rf3 Nc5 28. Kc1 Bf6 29. b4 Nd7 30. Rfd3 Nb8 31. Bh3 Rfe8 32. Nd5 Bxb2+ 33. Kxb2 Qa7 34. e5 dxe5 35. Ne7+ 1-0

[Event "SRI-ch (Women)"]
[Site "Colombo"]
[Date "2016.06.06"]
[Round "13"]
[White "Methmani, Nelunika"]
[Black "Jayaweera, Sayuni Gihansa"]
[Result "1-0"]
[WhiteElo "1731"]
[BlackElo "1515"]
[PlyCount "145"]
[EventDate "2016.05.27"]
[EventType "tourn"]
[EventRounds "13"]
[EventCountry "SRI"]
[SourceTitle "CBM 172 Extra"]
[Source "ChessBase"]
[SourceDate "2016.06.21"]
[SourceVersion "1"]
[SourceVersionDate "2016.06.21"]
[SourceQuality "1"]

1. d4 g6 2. c4 Bg7 3. e4 c5 4. d5 d6 5. Bd3 Nf6 6. Nc3 0-0 7. Bg5 Na6 8. a3 Nc7 9. f4 b5 10. Nxb5 Nxb5 11. cxb5 c4 12. Bb1 Qa5+ 13. Qd2 Qxb5 14. Nf3 Rb8 15. Qb4 a5 16. Qxb5 Rxb5 17. Ra2 c3 18. Nd4 Rb6 19. Nc6 Rxc6 20. dxc6 Be6 21. bxc3 Bxa2 22. Bxa2 Nxe4 23. Bxe7 Re8 24. c7 Nxc3 25. Kd2 Rc8 26. Bd8 Nb5 27. Rc1 Nxc7 28. Bxc7 Bb2 29. Rb1 Bxa3 30. Rb8 Rxb8 31. Bxb8 Kf8 32. Kd3 Ke7 33. Ke4 Bc5 34. g4 h6 35. Bc7 Bb4 36. Bb6 f6 37. Bd4 Bd2 38. f5 g5 39. h3 Be1 40. Kd5 Bd2 41. Bb3 Be1 42. Ba4 Bb4 43. Bb6 Bc3 44. Bc7 Bb4 45. Bb5 Bc5 46. Bxa5 Ba3 47. Kc6 Bc1 48. Kc7 Bf4 49. Bc6 Be5 50. Kc8 Bd4 51. Bd8+ Kf8 52. Kd7 Be5 53. Ke6 Kg7 54. Be7 Bd4 55. Bxd6 Bc3 56. Ke7 Ba5 57. Ke8 Bc3 58. Bf8+ Kh7 59. Kf7 Be5 60. Be7 h5 61. Bxf6 Bxf6 62. Kxf6 hxg4 63. hxg4 Kh6 64. Bd7 Kh7 65. Kxg5 Kg7 66. f6+ Kf7 67. Kf5 Kf8 68. g5 Kg8 69. g6 Kh8 70. g7+ Kh7 71. Be6 Kh6 72. g8Q Kh5 73. Qg5# 1-0

[Event "SRI-ch (Women)"]
[Site "Colombo"]
[Date "2016.05.28"]
[Round "3"]
[White "Athukorala, Shavindi Uddeepana"]
[Black "Methmani, Nelunika"]
[Result "1-0"]
[WhiteElo "1460"]
[BlackElo "1731"]
[PlyCount "69"]
[EventDate "2016.05.27"]
[EventType "tourn"]
[EventRounds "13"]
[EventCountry "SRI"]
[SourceTitle "CBM 172 Extra"]
[Source "ChessBase"]
[SourceDate "2016.06.21"]
[SourceVersion "1"]
[SourceVersionDate "2016.06.21"]
[SourceQuality "1"]

1. d4 Nf6 2. Bg5 g6 3. c4 Bg7 4. Nc3 d6 5. e4 c5 6. d5 Qa5 7. Bd2 a6 8. Bd3 0-0 9. f4 Qc7 10. a4 Re8 11. Nf3 e6 12. 0-0 exd5 13. exd5 Bg4 14. Qc2 b6 15. Ng5 Nh5 16. f5 Rf8 17. Be3 h6 18. Nf3 g5 19. Nd2 Re8 20. Nde4 Re5 21. h3 Bxf5 22. Rxf5 Rxf5 23. g4 Rf3 24. Bf2 Nf4 25. Be2 Rxh3 26. Bf1 Qd7 27. Bxh3 Nxh3+ 28. Kg2 Qxg4+ 29. Bg3 f5 30. Nxd6 Be5 31. Nxf5 Bxg3 32. Nxh6+ Kg7 33. Nxg4 Bf4 34. Kxh3 Nd7 35. Qf5 1-0

[Event "SRI-ch (Women)"]
[Site "Malabe"]
[Date "2015.07.11"]
[Round "10"]
[White "Ranasinghe, Sasini Dulanga"]
[Black "Methmani, Nelunika"]
[Result "0-1"]
[WhiteElo "1783"]
[BlackElo "1768"]
[PlyCount "166"]
[EventDate "2015.07.04"]
[EventType "tourn"]
[EventRounds "13"]
[EventCountry "SRI"]
[SourceTitle "CBM 167 Extra"]
[Source "ChessBase"]
[SourceDate "2015.09.14"]
[SourceVersion "1"]
[SourceVersionDate "2015.09.14"]
[SourceQuality "1"]

1. Nf3 Nf6 2. g3 g6 3. Bg2 Bg7 4. 0-0 0-0 5. c4 d6 6. Nc3 e5 7. d3 Nc6 8. Rb1 Be6 9. Bg5 Qd7 10. Re1 h6 11. Bd2 e4 12. Nxe4 Nxe4 13. dxe4 Bxc4 14. Qc1 Bxa2 15. Ra1 Be6 16. Bxh6 Rfe8 17. Bxg7 Kxg7 18. Ng5 f6 19. Qc3 Rh8 20. Nxe6+ Qxe6 21. h4 Rh5 22. b4 Qe5 23. Qc4 Qb5 24. Qe6 Re5 25. Qd7+ Re7 26. Qg4 Qxb4 27. Rab1 Qa5 28. f4 Rh8 29. Kf2 b6 30. e5 fxe5 31. f5 Rh6 32. f6+ Kxf6 33. Qg5+ Kg7 34. Bxc6 Qc5+ 35. Kf1 Rf7+ 36. Bf3 e4 37. Qxc5 dxc5 38. Kg2 exf3+ 39. exf3 Rh5 40. Rbd1 c4 41. g4 Rxh4 42. Rc1 Rh8 43. Rxc4 c5 44. Kg3 Rc8 45. g5 b5 46. Rh4 Rh8 47. Rhe4 c4 48. Rb1 a6 49. Ra1 Ra8 50. Re6 c3 51. Rc6 b4 52. Ra5 Rb7 53. Rd5 Kh7 54. Rdd6 Rg8 55. Rd4 Rgg7 56. Rh4+ Kg8 57. Rc8+ Kf7 58. Rf4+ Ke7 59. Re4+ Kd7 60. Rcc4 a5 61. Red4+ Ke8 62. Rc8+ Ke7 63. Rc5 Rg8 64. Rc6 b3 65. Rdd6 Rd7 66. Re6+ Kd8 67. Rxc3 Rb7 68. Re1 b2 69. Rb1 Kd7 70. Rc2 Rgb8 71. Rc5 Rb5 72. Rd1+ Ke6 73. Rc6+ Kf5 74. f4 Rb3+ 75. Kf2 b1Q 76. Rf6+ Kg4 77. Rxb1 Rxb1 78. Rxg6 R8b3 79. f5 R1b2+ 80. Ke1 Kxf5 81. Rf6+ Kxg5 82. Rf8 Rh3 83. Rg8+ Kf6 0-1